| 000 | 00788nam a2200253 a 4500 | ||
|---|---|---|---|
| 001 | BRCA_5239 | ||
| 005 | 20190320205010.0 | ||
| 008 | 710315s1971 nyua#####b---#001-0#eng-# | ||
| 041 | _aeng | ||
| 044 | _anyu | ||
| 050 | 4 |
_aNK6405 _b.R53 1971 |
|
| 100 | 1 |
_aRicketts, Howard _913420 |
|
| 245 | 1 | 0 |
_aAntique Gold and Enamelware in Color _cHoward Ricketts ; photographs by Michael Plomer. |
| 260 |
_aNueva York _bDoubleday & Company _cc1971 |
||
| 300 |
_a124 p. _bil. a color _c31 cm. |
||
| 500 | _aIncluye índice alfabético | ||
| 500 | _aDonación Dr. Héctor Rivero Borrell Vázquez | ||
| 504 | _aBibliografía: p. 123 | ||
| 650 | 1 | 4 |
_aOrfebrería _97836 |
| 650 | 1 | 4 |
_aCerámica esmaltada _913421 |
| 700 | 1 |
_aPlomer, Michael _eFotógrafo _913422 |
|
| 902 | _aDHR | ||
| 942 |
_2lcc _cB |
||
| 999 |
_c4933 _d4933 |
||